000 00709nam a22002417a 4500
003 BD-DhJNU
005 20250527062255.0
008 250527b |||||||| |||| 00| 0 eng d
020 _a0256023964
040 _aBD-DhJNU
_bENG
_cBD-DhJNU
_dBD-DhJNU
082 _223
_a320 KHI
100 _aKhan, Rais A.
245 _aAn Introduction to Political Science /
_cRais A. Khan and James D. McNiven
250 _a3rd ed
260 _aUnited State of America :
_bIRWIN- Dorsey,
_c1984.
300 _axi, 516p. :
_bill. ;
_c24 cm.
504 _aIncludes index
650 _aPolitical Science
650 _aPolitische Wissenschaft
650 _aEinfuhrung
700 _aMcNiven, James D.
942 _2ddc
_cBK
_n0
999 _c1751
_d1751